000 00340 a2200145 4500
001 181568
020 _a
040 _cMagnum
100 _aDerville, Leonore M. T.
240 1 0 _aPsicologia pratica no ensino
_lpor
245 1 0 _aPsicologia pratica no ensino
362 0 _a1899
697 _aMAGNITO: MAGNITO SEM ÁREA E AS
942 _cBK
999 _c181568
_d181568